000
00309nam a2200133Ia 4500
008
210312s9999||||xx |||||||||||||| ||und||
041
_a
osm
050
_a
PK6543.T8
050
_b
Z83
100
_a
Sadi Şirazi
245
0
_a
Zübde-i gülistan
260
_c
1306
650
_a
Edebiyat--İran edebiyatı--Şiir
999
_c
22297
_d
22297